Nirvana - Nevermind Songs - Statistics

General Stats
  • This quiz has been taken 74 times
  • The average score is 10 of 13
Answer Stats
Length Song % Correct
5:01 Smells Like Teen Spirit
100%
3:39 Come as You Are
94%
4:17 Lithium
92%
4:14 In Bloom
89%
3:52 Something in the Way
88%
3:43 Drain You
81%
2:57 Polly
78%
3:03 Breed
77%
2:36 Lounge Act
73%
3:16 On a Plain
72%
6:42 Endless, Nameless
67%
3:32 Stay Away
66%
2:22 Territorial Pissings
66%
No matching quizzes found
Score Distribution
Percent of People with Each Score
Percentile by Number Answered
Your Score History
You have not taken this quiz